Cours de geométrie / (Record no. 110082)
[ view plain ]
| 000 -LEADER | |
|---|---|
| campo de control de longitud fija | 00447nam a2200169 4500 |
| 001 - NÚMERO DE CONTROL | |
| campo de control | 110082 |
| 003 - IDENTIFICADOR DE NÚMERO DE CONTROL | |
| campo de control | ES-MaACL |
| 005 - FECHA Y HORA DE LA ÚLTIMA TRANSACCIÓN | |
| campo de control | 20230906184955.0 |
| 007 - CAMPO FIJO DE DESCRIPCIÓN FÍSICA--INFORMACIÓN GENERAL | |
| campo de control de longitud fija | t| |
| 008 - DATOS DE LONGITUD FIJA--INFORMACIÓN GENERAL | |
| campo de control de longitud fija | 061121s1930 fr r ||||1| fre d |
| 100 1# - ENTRADA PRINCIPAL--NOMBRE DE PERSONA | |
| Nombre de persona | Ocagne, Maurice D'. |
| 9 (RLIN) | 216570 |
| 245 10 - MENCIÓN DEL TÍTULO | |
| Título | Cours de geométrie / |
| Mención de responsabilidad, etc. | Maurice D' Ocagne. |
| 260 ## - PUBLICACIÓN, DISTRIBUCIÓN, ETC. | |
| Lugar de publicación, distribución, etc. | París : |
| Nombre del editor, distribuidor, etc. | Gauthiers, |
| Fecha de publicación, distribución, etc. | 1930. |
| 300 ## - DESCRIPCIÓN FÍSICA | |
| Extensión | 428 p. ; |
| Dimensiones | 28 cm. |
| 852 ## - LOCALIZACIÓN | |
| Ubicación | ES-MaACL |
| Número de control de estantería | C-11212 |
| Sublocalización o colección | R.10512 |
| Estatus retirado | Estado de pérdida | Estado de daño | No para préstamo | Biblioteca de origen | Biblioteca actual | Ubicación en estantería | Fecha de adquisición | Fuente de adquisición | Total de préstamos | Signatura topográfica completa | Código de barras | Visto por última vez | Precio de reemplazo | Tipo de ítem Koha |
|---|---|---|---|---|---|---|---|---|---|---|---|---|---|---|
| Biblioteca del Ateneo de Madrid | Biblioteca del Ateneo de Madrid | Sala Palomar | 17/01/2008 | C-11212 | 1114851 | 23/02/2023 | 23/02/2023 | Libro impreso |
